000 00450nam a2200181Ia 4500
001 10506
005 20260306161837.0
008 260306t1974||||xx |||||||||||||| ||spa||
041 _aESP
082 _a940
_bP61
100 _aPirenne, Henri
_eAUT
245 0 _aHistoria de Europa:
_bdesde las invaciones hasta el siglo XVI
260 _c1974
300 _a471 páginas :
_c24 cm.
650 _aGEN
654 _aCHU
942 _cLIB
_dJUS
_fJUS
_2ddc
_n
999 _c10506
_d10506